000 00937nmm a2200289 a 4500
001 ocm0001094525
003 TR-IsHL
005 20201028152042.0
008 150709s2015 tu tur
007 cr cn
020 _a9789756244708
035 _a1094525
_b(N$T)
050 0 4 _aPZ90.T8
_bD4624 2015
090 0 4 _aPZ90.T8
_bD4624 2015
100 1 _aDinçer, Ercan
245 1 0 _aİyi yürekli gemi
_h[electronic resource] /
_cErcan Dinçer ; editör Özykü Zerrem; resimleyen Ercan Dinçer
260 _aİstanbul :
_bPolat Kitapçılık,
_c2015
300 _a18 p.
650 4 _aDil ve Edebiyat
650 4 _aLanguage and Literature
650 0 _aÇocuk edebiyatı
650 0 _aChildren literature
650 7 _aJUVENILE FICTION / General
_2bisacsh
700 1 _aZerrem, Öykü
700 1 _aDinçer, Ercan
856 4 0 _uhttp://search.ebscohost.com/login.aspx?direct=true&scope=site&db=e011xww&AN=1094525
999 _c11327
_d11327